000 01101nam a2200325Ia 4500
001 Z_1404
003 CHAP
008 220113s1986 xx 000 0 und d
010 _a164493
040 _cCHAP
090 _aFolleto 271
100 _aInstituto Nacional de Investigaciones Forestales y Agropecuarias. México. Campo Experimental Pecuario Las Margaritas
_9138586
245 _aMódulo de doble propósito La Doña con ganado Suizo pardo, Suizo pardo x Cebú, Holstein x Cebú y simental x Cebú, en pastoreo rotacional: 2a. demostración /
_cpor INIFAP. Campo Experimental Pecuario Las Margaritas
260 _aHueytamalco, Pue. :
_bEl Instituto,
_c1986
300 _a75 p. :
_bilus.
440 _a
500 _a
503 _a
650 7 _aGanado cebú
_xPuebla
_2
_945061
650 _aGanado de carne
_xPuebla
_945106
650 _aGanado Holstein
_xPuebla
_945143
650 _aGanado Pardo suizo
_xPuebla
_945323
650 _aGanado
_xPastoreo I.t.
_9137342
901 _aFolleto 271
902 _aA
910 _a1986
942 _cc14
942 _cc14
999 _c164493
_d164493